Statystyki dla Zgadnij o jakim stanie mowa

Kliknij tutaj aby rozwiązać quiz!

Ogólne statystyki

  • Ten quiz został rozwiązany 8 razy
  • Średni wynik to 6 z 50

Statystyki odpowiedzi

PodpowiedźOdpowiedź% Poprawnych
Trzeci największy stan USA, słynie z gorącej doliny.Kalifornia
60%
Stan ten obejmuje 7,4% całego USA, czyniąc go drugim
największym stanem USA
Teksas
60%
Stan graniczący z czteroma jezioramiMichigan
40%
Stan ten graniczy z podanym wyżej-Granica biegnie przez
rzekę Hudson
New Jersey
40%
Ma taką samą nazwę jak pewnie miastoNowy Jork
40%
Jedno z najsłabiej zaludnionych stanówOregon
40%
Najmniejszy stanRhode Island
40%
Największe w USA słone jezioro leży na terytorium
tego stanu
Utah
40%
Sweet .... ....... :)Alabama
20%
Stan ten słynie z wysokich temperatur oraz
rezerwatów przyrody i kanionów
Arizona
20%
Stan leżący na półwyspie, jedno z ulubionych miejsc
na wyjazdy wakacyjne wśród rodzin z dziećmi
Floryda
20%
Stan słynący z wulkanówHawaje
20%
Gigantyczny eksporter ziemniakówIdaho
20%
Najbardziej produktywny rolniczo StanKansas
20%
Stan słynący z wielu jeziorMinnesota
20%
Najwięcej niedźwiedzi brunatnychMontana
20%
Stan ten słynie z produkcji wieprzowiny i wołowinyNebraska
20%
Połowa ludności tego stanu mieszka w jednym mieścieNevada
20%
Las porastający jeden z półwyspów tego stanu uważa się
za najbardziej deszczowy obszar na świecie
Washington
20%
Stan ten określa się mleczną krainą ameryki, słynie z seraWisconsin
20%
Potężny eksporter złotaAlaska
0%
Stosunkowo niewielki stan wydobywający diamentyArkansas
0%
Ten stan jako pierwszy znióśł niewolnictwoConnecticut
0%
Na zachodzie tego stanu znajduje się największe
na świecie złoże węgla brunatnego
Dakota Północna
0%
Jeden z największych producentów kukurydzy,
produkuje się z niej biopaliwa
Dakota Południowa
0%
"The First State"-Pierwszy stan który przyjął konstytucję
Stanów Zjednoczonych
Delaware
0%
W tym stanie powstał pewien bardzo popularny napójGeorgia
0%
W stanie tym znajduje się miasto słynące z multikulturowościIllinois
0%
Wiodący producent popcornuIndiana
0%
Stan słynący z literaturyIowa
0%
Stan ten słynie z wodospadów, jest ich tam 300Karolina Północna
0%
Wiodący producent drobiuKarolina Południowa
0%
Stan ten słynie z wyścigów konnychKentucky
0%
Jest to ostatni stan przez który w całości przechodzą
góry skaliste
Kolorado
0%
Jeden z najważniejszych stanów produkujący ropę i gazLuizjana
0%
Zalesiony w największym stopniu stanMaine
0%
Na terenie tego stanu nie ma ani jednego naturalnego jezioraMaryland
0%
W mieście znajdującym się w tym stanie po raz pierwszy
w stanach udostępniono do użytku publicznego park
Massachusets
0%
Rocznie przez ten stan przechodzi nawet 30 tornadMissisipi
0%
Stan ten wyrózniają częste i intensywne opady deszczuMissouri
0%
Stan ten słynie z lasów i często goszczących w nim mgłachNew Hampshire
0%
Słynie z różnorodnego krajobrazu, znajdziesz w tym stanie
zarówno lasy, góry jak i pustynie
Nowy Meksyk
0%
Stan posiadający 250km lini brzegowej z jednym jezioremOhio
0%
Jedyny stan w USA produkujący jodOklahoma
0%
W tym stanie znajduje się fabryka jednego z największych
na świecie producentów czekolady
Pensylwania
0%
W tym stanie znajduje się największy na świecie sztuczny
stok narciarski
Tennessee
0%
Stan ten słynie z syropu klonowegoVermont
0%
Posiada ten stan ogromne plantacje tytoniuWirginia
0%
3/4 powierzchni tego stanu to lasyWirginia Zachodnia
0%
Pierwszy stan który nadał kobietom prawa wyborczeWyoming
0%

Rozkład punktacji

Percentyl według liczby udzielonych odpowiedzi

Procent ludzi z każdym wynikiem

Twoja historia wyników

Nie rozwiązałeś tego quizu